00246nam a2200097Ia 4500082001200000245002900012100002700041942002000068008004100088999001900129 aAF RIVE 0aRut, die onverskrokkene  aRivers, Francine92220 cBKyzCRON CRON210825s9999 xx 000 0 und d c543952d543951